Загрузка...
Elementory Probability theory with Stochastic Processes
| Главный автор: | |
|---|---|
| Формат: | Printed Book |
| Язык: | English |
| Опубликовано: |
New delhi
Narosa Publishing House
1979
|
| Редактирование: | 3rd ed. |
| Предметы: |
| LEADER | 00538nam a2200157Ia 4500 | ||
|---|---|---|---|
| 008 | 101204s9999 xx 000 0 eng d | ||
| 020 | |a 3540780149 | ||
| 100 | |a Chung,Kai Lai | ||
| 245 | |a Elementory Probability theory with Stochastic Processes | ||
| 250 | |a 3rd ed. | ||
| 260 | |b Narosa Publishing House |a New delhi |c 1979 | ||
| 300 | |a 324 | ||
| 650 | |a Probability Theory | ||
| 942 | |c BK | ||
| 999 | |c 187599 |d 187599 | ||
| 952 | |0 0 |1 0 |4 0 |6 517_000000000000000_CHU_E |7 0 |9 206903 |a STA |b STA |c ST1 |d 2010-12-04 |i 125 |l 0 |o 517 CHU/E |p STA125 |r 2018-08-21 |w 2018-08-21 |y BK | ||